| 000 | 01022nam a2200217 a 4500 | ||
|---|---|---|---|
| 001 | 39760 | ||
| 005 | 20180714013418.0 | ||
| 008 | 140415s1996 mx 000 0 spa d | ||
| 020 | _a9688631868 | ||
| 041 | _aspa | ||
| 082 |
_a394.25 _bDAV |
||
| 100 | 1 | _aDÁVILA GUTIÉRREZ, JOEL | |
| 245 | 1 | 0 |
_aGUERRA AL PIE DE LOS VOLCANES : _bEL CARNAVAL DE HUEJOTZINGO |
| 250 | _a1a ed. | ||
| 260 |
_aMEXICO : _bBENEMERITA UNIVERSIDAD AUTONOMA DE PUEBLA, _c1996 |
||
| 300 |
_a231 _cx 18 x 24 |
||
| 500 | _aCOLECCIÓN PUEBLA | ||
| 520 | _aEL LECTOR ENCONTRARA UNA DESCRIPCION DEL CARNAVAL ACTUAL BASTANTE PRECISA Y CONFIABLE: DETALLADAMENTE SE DESCRIBE, TRAYTANDO DE RECUPERAR LA VISION INTERNA, LO QUE OCURRE EN HUEJOTZINGO, DESDE ENERO CUANDO SE INICIAN LOS PREPARATIVOS PARA ORGANIZAR EL CARNAVAL HASTA EL PRIMER DOMINGO DE CUARESMA, CUANDOM TERMINA LA FIESTA | ||
| 650 | 1 | 4 |
_aCOSTUMBRES POPULARES _xCARNAVAL _xHUEJOTZINGO ( PUEBLA ) |
| 700 | 1 |
_aCASTILLO ROJAS, ALMA YOLANDA -SERRANO OSORIO, FRANCISCO _ecoaut. |
|
| 999 |
_c39760 _d39760 |
||